Sustainable aviation : (Record no. 191225)

MARC details
000 -LEADER
fixed length control field 01970cam a2200445Ii 4500
001 - CONTROL NUMBER
control field on1301506188
003 - CONTROL NUMBER IDENTIFIER
control field OCoLC
005 - DATE AND TIME OF LATEST TRANSACTION
control field 20240805021310.0
006 - FIXED-LENGTH DATA ELEMENTS--ADDITIONAL MATERIAL CHARACTERISTICS
fixed length control field m d
007 - PHYSICAL DESCRIPTION FIXED FIELD--GENERAL INFORMATION
fixed length control field cr un|---aucuu
008 - FIXED-LENGTH DATA ELEMENTS--GENERAL INFORMATION
fixed length control field 220303s2022 sz a o 000 0 eng d
040 ## - CATALOGING SOURCE
Original cataloging agency GW5XE
Language of cataloging eng
Description conventions rda
-- pn
Transcribing agency GW5XE
Modifying agency YDX
-- EBLCP
-- N
--
019 ## -
-- 1301451672
-- 1301482919
-- 1301769562
-- 1301905766
-- 1301945882
-- 1302001675
020 ## - INTERNATIONAL STANDARD BOOK NUMBER
International Standard Book Number 9783030908959
Qualifying information (electronic bk.)
020 ## - INTERNATIONAL STANDARD BOOK NUMBER
International Standard Book Number 303090895X
Qualifying information (electronic bk.)
020 ## - INTERNATIONAL STANDARD BOOK NUMBER
Canceled/invalid ISBN 9783030908942
Qualifying information (print)
020 ## - INTERNATIONAL STANDARD BOOK NUMBER
Canceled/invalid ISBN 3030908941
024 7# - OTHER STANDARD IDENTIFIER
Standard number or code 10.1007/978-3-030-90895-9
Source of number or code doi
035 ## - SYSTEM CONTROL NUMBER
System control number 3185378
-- (N
-- )
035 ## - SYSTEM CONTROL NUMBER
System control number (OCoLC)1301506188
Canceled/invalid control number (OCoLC)1301451672
-- (OCoLC)1301482919
-- (OCoLC)1301769562
-- (OCoLC)1301905766
-- (OCoLC)1301945882
-- (OCoLC)1302001675
082 04 - DEWEY DECIMAL CLASSIFICATION NUMBER
Classification number 338.4/762913334
Edition number 23
049 ## - LOCAL HOLDINGS (OCLC)
Holding library MAIN
245 00 - TITLE STATEMENT
Title Sustainable aviation :
Remainder of title a management perspective /
Statement of responsibility, etc. Judith L. Walls, Andreas Wittmer, editors.
264 #1 - PRODUCTION, PUBLICATION, DISTRIBUTION, MANUFACTURE, AND COPYRIGHT NOTICE
Place of production, publication, distribution, manufacture Cham, Switzerland :
Name of producer, publisher, distributor, manufacturer Springer,
Date of production, publication, distribution, manufacture, or copyright notice 2022.
300 ## - PHYSICAL DESCRIPTION
Extent 1 online resource (xxxiv, 198 pages) :
Other physical details illustrations (some color).
336 ## - CONTENT TYPE
Content type term text
Source rdacontent
337 ## - MEDIA TYPE
Media type term computer
Source rdamedia
338 ## - CARRIER TYPE
Carrier type term online resource
Source rdacarrier
490 1# - SERIES STATEMENT
Series statement Management for professionals,
International Standard Serial Number 2192-810X
588 0# - SOURCE OF DESCRIPTION NOTE
Source of description note Online resource; title from PDF title page (SpringerLink, viewed March 3, 2022).
650 #0 - SUBJECT ADDED ENTRY--TOPICAL TERM
Topical term or geographic name entry element Aircraft industry
General subdivision Environmental aspects.
650 #0 - SUBJECT ADDED ENTRY--TOPICAL TERM
Topical term or geographic name entry element Airlines
General subdivision Environmental aspects.
650 #0 - SUBJECT ADDED ENTRY--TOPICAL TERM
Topical term or geographic name entry element Sustainable transportation.
655 #4 - INDEX TERM--GENRE/FORM
Genre/form data or focus term Electronic books.
700 1# - ADDED ENTRY--PERSONAL NAME
Personal name Walls, Judith L.
Relator term editor.
700 1# - ADDED ENTRY--PERSONAL NAME
Personal name Wittmer, Andreas,
Relator term editor.
776 08 - ADDITIONAL PHYSICAL FORM ENTRY
Relationship information Print version:
International Standard Book Number 3030908941
-- 9783030908942
Record control number (OCoLC)1274199020
830 #0 - SERIES ADDED ENTRY--UNIFORM TITLE
Uniform title Management for professionals,
International Standard Serial Number 2192-810X
856 40 - ELECTRONIC LOCATION AND ACCESS
Uniform Resource Identifier https://ezproxy.taylors.edu.my/login?url=https://search.ebscohost.com/login.aspx?direct=true&scope=site&db=nlebk&db=nlabk&AN=3185378
Public note An electronic book accessible through the World Wide Web; click to view
Holdings
Withdrawn status Lost status Source of classification or shelving scheme Damaged status Not for loan Home library Current library Date acquired Source of acquisition Cost, normal purchase price Total Checkouts Date last seen Cost, replacement price Price effective from Koha item type Public note
    Dewey Decimal Classification   e-book Taylor's Library-TU Taylor's Library - Perpetual(TU) 06/09/2024 125 448.45   06/09/2024 448.45 06/09/2024 Main Collection SHTEx,94604,03,RM,PPT